| 000 | 01050nam0a2200289 4500 | ||
|---|---|---|---|
| 001 | RU\NLR\BIBL_A\012182018 | ||
| 005 | 20250623222613.0 | ||
| 035 | _a(NLR Aleph) 012182018 | ||
| 090 |
_a12282494 _c12282494 |
||
| 100 | _a20200120d1986 |||y0rusy50 ca | ||
| 101 | 0 | _aabk | |
| 102 | _aRU | ||
| 105 | _ay z 000 y | ||
| 181 | 0 |
_ai _baxxe |
|
| 182 | 0 | _an | |
| 200 | 1 |
_aАҧсуа жәаҧҟақуа _aажәеинралақуеи ажәаҧҵақуеи _fианиҵеит Алықьса Арҷелиа |
|
| 203 |
_aТекст _bвизуальный _cнепосредственный |
||
| 210 |
_aАҟәа _cАшәҟуҭыжьырҭа "Алашара" _d1986 |
||
| 215 |
_a46, [1] с. _d12 |
||
| 541 | 1 |
_aАбхазские пословицы _zrus |
|
| 606 | 1 |
_aАбхазский фольклор _91077354 _3RU\NLR\AUTH\66101825 |
|
| 686 | 1 | _aШ3(247=Аб)-651 | |
| 702 | 1 |
_aАрчелиа _bА. Х. _gАлексей Хфарович _4206 |
|
| 852 |
_aNLR _bОНЛ _jАбхаз./1-65 |
||
| 942 | _cBOOK | ||
| 980 | _aNB | ||